00434nam a2200121Ia 4500008004100000020001500041050002100056100004100077245008000118260003500198300003500233650004400268120626s2004 mx a 000 0 spa d a9701509633 aQA76 bP363 2004 aPascual González, Franciscoeautor aGuía de campo de macromedia Director MX c/ Francisco, Pascual González aMéxico b: Alfaomegac, 2004 a196 páginasb: ilustraciones 0aMACROMEDIA DIRECTORxSISTEMA MULTIMEDIA